[Event "BCF-chT3 0304 (4NCL)"]
[Site "West Bromwich"]
[Date "2003.11.23"]
[Round "2.7"]
[White "Pritchard, David Brine"]
[Black "Mahony, Richard"]
[Result "0-1"]
[WhiteElo "1864"]
[BlackElo "1928"]
[PlyCount "96"]
[EventDate "2003.11.23"]
[EventType "team-tourn"]
[EventRounds "11"]
[EventCountry "ENG"]
[SourceTitle "EXT 2005"]
[Source "ChessBase"]
[SourceDate "2004.11.15"]
[SourceVersion "1"]
[SourceVersionDate "2004.11.15"]
[SourceQuality "1"]
[WhiteTeam "The ADS II"]
[BlackTeam "FCA Solutions"]
[WhiteTeamCountry "ENG"]
[BlackTeamCountry "ENG"]

1. e4 e6 2. d4 d5 3. e5 c5 4. Qg4 Nc6 5. Nf3 cxd4 6. Bd3 Qc7 7. Qg3 Nge7 8. 0-0 Ng6 9. Bf4 Nxf4 10. Qxf4 f6 11. Bb5 Bc5 12. Nbd2 0-0 13. Bxc6 bxc6 14. Nb3 fxe5 15. Qxe5 Bd6 16. Qxd4 e5 17. Qc3 e4 18. Nfd4 Bxh2+ 19. Kh1 Rf6 20. g3 Rh6 21. Kg2 Qd7 22. f4 Qh3+ 23. Kf2 Rg6 24. Rg1 Bxg1+ 25. Rxg1 Bd7 26. Nc5 Re8 27. Qe3 Bg4 28. Nd3 Rf6 29. Nc5 Qh5 30. Ke1 Rh6 31. Kd2 Qf7 32. Kc1 Qe7 33. Ndb3 Rh2 34. Re1 Rh5 35. Nd3 Qc7 36. Ne5 Rhxe5 37. fxe5 Qxe5 38. Rf1 Qe7 39. a3 h6 40. Kb1 Qc7 41. Kc1 Qe7 42. Kb1 Qc7 43. Kc1 Rf8 44. Rxf8+ Kxf8 45. Nc5 Kg8 46. c3 Qf7 47. Kd2 Qf1 48. Qe1 e3+ 0-1

[Event "BCF-chT3 0102 (4NCL)"]
[Site "Birmingham"]
[Date "2001.11.25"]
[Round "4.7"]
[White "Keeling, Karen"]
[Black "Mahony, Richard"]
[Result "1/2-1/2"]
[WhiteElo "2048"]
[BlackElo "1824"]
[PlyCount "35"]
[EventDate "2001.09.??"]
[EventType "team-tourn"]
[EventRounds "11"]
[EventCountry "ENG"]
[SourceTitle "EXT 2003"]
[Source "ChessBase"]
[SourceDate "2002.11.25"]
[SourceVersion "1"]
[SourceVersionDate "2002.11.25"]
[SourceQuality "1"]
[WhiteTeam "White Rose II"]
[BlackTeam "Milton Keynes"]
[WhiteTeamCountry "ENG"]
[BlackTeamCountry "ENG"]

1. c4 e5 2. g3 Nc6 3. Bg2 Nf6 4. Nc3 Bc5 5. a3 a6 6. e3 0-0 7. Nge2 d6 8. 0-0 Ba7 9. b4 Ne7 10. d4 c6 11. Bb2 Bg4 12. Qd2 Rc8 13. h3 Be6 14. Qd3 Re8 15. Rac1 h6 16. Rfd1 Bf5 17. Qd2 Bb8 18. Kh2 1/2-1/2

[Event "BCF-chT3 0102 (4NCL)"]
[Site "Birmingham"]
[Date "2001.09.23"]
[Round "2.6"]
[White "Mahony, Richard"]
[Black "Lutton, E Josiah"]
[Result "1/2-1/2"]
[WhiteElo "1824"]
[BlackElo "1672"]
[PlyCount "49"]
[EventDate "2001.09.??"]
[EventType "team-tourn"]
[EventRounds "11"]
[EventCountry "ENG"]
[SourceTitle "EXT 2003"]
[Source "ChessBase"]
[SourceDate "2002.11.25"]
[SourceVersion "1"]
[SourceVersionDate "2002.11.25"]
[SourceQuality "1"]
[WhiteTeam "Milton Keynes"]
[BlackTeam "South County Stars"]
[WhiteTeamCountry "ENG"]
[BlackTeamCountry "ENG"]

1. Nf3 b5 2. g3 Bb7 3. Bg2 e6 4. 0-0 c5 5. c3 d6 6. d4 Nd7 7. Bg5 Be7 8. Bxe7 Nxe7 9. Nbd2 Nf6 10. Re1 0-0 11. e3 Qb6 12. a3 Rac8 13. Qe2 b4 14. axb4 cxb4 15. c4 a5 16. b3 Ra8 17. Rec1 Rfc8 18. Ne1 Bxg2 19. Kxg2 Qc6+ 20. Qf3 Qd7 21. Ra4 Qc7 22. Rca1 Nc6 23. Nd3 Nd7 24. R4a2 Qb6 25. Nb2 1/2-1/2